Una introducción al uso de portafolios en el aula

Salvato in:
Dettagli Bibliografici
Autori principali: Danielson, Charlotte (Autore), Abrutyn, Leslye (Autore)
Natura: Libro
Lingua:spagnolo
Pubblicazione: Ciudad de México Fondo de Cultura Económica 2002
Edizione:2a. ed
Serie:Colección Popular, 609
Soggetti:
Tags: Aggiungi Tag
Nessun Tag, puoi essere il primo ad aggiungerne!!

MARC

LEADER 00000cam a2200000 a 4500
001 UCE1675
003 CL-VaPUC
008 140508e20020000mx |||||||||||||||||spa|d
020 |a 9681665201 
082 0 4 |a 371.33  |b DAN  |2 21 
100 0 |a Danielson, Charlotte  |e author  |9 574040 
700 0 |a Abrutyn, Leslye  |e author  |9 574041 
245 1 4 |a Una introducción al uso de portafolios en el aula 
250 |a 2a. ed 
300 |a 162 p 
942 |c BK 
945 |d 20140508 16:03:00  |a dcastane 
260 |a Ciudad de México  |b Fondo de Cultura Económica  |c 2002 
650 7 |a PORTAFOLIOS  |2 CL-VaPUC  |9 471250 
650 0 |a Métodos de enseñanza  |9 270413 
650 0 |a Metacognición  |9 423942 
650 0 |a Métodos de aprendizaje  |9 334464 
650 0 |a Innovaciones pedagógicas  |9 307471 
583 |a last modification  |c 20140508 16:03:00  |k Rodrigo Vera 
490 0 |a Colección Popular, 609 
999 |c 355407  |d 355405 
952 |0 0  |1 0  |3 erb  |4 0  |6 371_330000000000000_DAN_2002  |7 0  |8 A  |9 462115  |a BIBTEO  |b BIBTEO  |i 5071798  |o 371.33 DAN 2002  |p 5071798  |r 2025-01-17  |w 2019-11-23  |y BK  |z Catalogado en:20140508  |k ICR